पाश्चात्य काव्यानुशीलन (Record no. 4769)

MARC details
000 -LEADER
fixed length control field 00564nam a2200169Ia 4500
008 - FIXED-LENGTH DATA ELEMENTS--GENERAL INFORMATION
fixed length control field 230917s9999||||xx |||||||||||||| ||und||
020 ## - ISBN
Price RS 600.00
040 ## - CATALOGING SOURCE
-- 5016713
Original cataloging agency VIVEKANANDA LIBRARY
041 ## - Language
-- English
082 ## - DDC NUMBER
Classification number 891.43172109 J781P
100 ## - MAIN ENTRY--PERSONAL NAME
Personal name जोशी, मृदुल
245 #0 - TITLE STATEMENT
Title पाश्चात्य काव्यानुशीलन
260 ## - PUBLICATION, DISTRIBUTION, ETC. (IMPRINT)
Place of publication, distribution, etc नई दिल्ली
Name of publisher, distributor, etc सत्यम् पब्लिशिंग हाउस
Date of publication, distribution, etc 2010
300 ## - PHYSICAL DESCRIPTION
Pages 330 p.
500 ## - GENERAL NOTE
General note 4418 19/01/2022 SPH22/506 22/01/2022 Main Budget
942 ## - ADDED ENTRY ELEMENTS (KOHA)
Koha item type Books
Holdings
Withdrawn status Lost status Damaged status Not for loan Location (home branch) Sublocation or collection (holding branch) Date acquired Koha issues (times borrowed) Koha full call number Accession No. Koha date last seen Koha item type
        VIVEKANANDA LIBRARY VIVEKANANDA LIBRARY 25/02/2022 4 891.43172109 J781P 399359 15/01/2025 Books
© Designed and Maintained by Vivekananda Library, MDU Rohtak